Meine Vision. (Record no. 9079)

MARC details
000 -LEADER
fixed length control field 00529nam a2200217uu 4500
001 - CONTROL NUMBER
control field WIIW0000188
003 - CONTROL NUMBER IDENTIFIER
control field OSt
005 - DATE AND TIME OF LATEST TRANSACTION
control field 20250124143827.0
007 - PHYSICAL DESCRIPTION FIXED FIELD--GENERAL INFORMATION
fixed length control field tu
008 - FIXED-LENGTH DATA ELEMENTS--GENERAL INFORMATION
fixed length control field 250124t2020 xxk||||| ||||||0| | eng d
020 ## - INTERNATIONAL STANDARD BOOK NUMBER
International Standard Book Number 3-442-12382-8
040 ## - CATALOGING SOURCE
Transcribing agency OSt
041 ## - LANGUAGE CODE
Language code of text/sound track or separate title ger
100 ## - MAIN ENTRY--PERSONAL NAME
Dates associated with a name Michail Gorbatschow
245 00 - TITLE STATEMENT
Title Meine Vision.
Remainder of title Die Perestroika in den neunziger Jahren
260 ## - PUBLICATION, DISTRIBUTION, ETC.
Place of publication, distribution, etc. Frankfurt/Main:
Name of publisher, distributor, etc. Goldmann Verlag
Date of publication, distribution, etc. 1990
300 ## - PHYSICAL DESCRIPTION
Extent 155 S. ;
Dimensions 20 cm.
650 ## - SUBJECT ADDED ENTRY--TOPICAL TERM
Topical term or geographic name entry element Perestroika
651 ## - SUBJECT ADDED ENTRY--GEOGRAPHIC NAME
Geographic name Russland
942 ## - ADDED ENTRY ELEMENTS (KOHA)
Koha item type Book
Source of classification or shelving scheme Other/Generic Classification Scheme
Holdings
Withdrawn status Lost status Source of classification or shelving scheme Damaged status Not for loan Home library Current library Date acquired Total Checkouts Full call number Date last seen Price effective from Koha item type
    Other/Generic Classification Scheme     WIIW WIIW 01/24/2025   7989 01/24/2025 01/24/2025 Book
The Vienna Instiute for International Economic Studies (wiiw)